Odumieranie marhuľových stromov

Bibliographic Details
Main Author: Malík, Teodor (Author)
Format: Article
Language:Slovak

MARC

LEADER 00000nab a2200000uu 4500
001 vtls010911738
003 SK-MaSNL
005 20260303142705.0
008 230222|1948 xo |||||||||||||||||slo|
015 |a SNBRB 
035 |a (urnnbn)urn:nbn:sk:snk:ar-a08697 
035 |a (uuid)c4977968-9348-4c19-adf6-561b5edf0b6d 
035 |a urn:nbn:sk:snk-ab90vi 
040 |a SNKBUCL  |b slo  |c SNKBUCL  |e AACR2 
041 0 |a slo 
044 |a xo  |c SK 
100 1 |a Malík, Teodor  |4 aut  |9 346681 
245 1 0 |a Odumieranie marhuľových stromov  |c Teodor Malík 
773 0 |t Slovenské ovocinárstvo : odborný časopis pre povznesenie ovocinárstva, vinohradníctva a záhradníctva : orgán Slovenskej ovocinárskej spoločnosti a jej odbočiek  |g Roč. 25, č. 574-575 (1948), s. 120-121 
954 |a odborná, vedecká literatúra pôvodná (slovenská)  |2 lita 
958 |a OND 
958 |a EUIPO 
958 |a article10 
999 |c 1985421  |d 1987351